Light the temptation / (Record no. 142964)

MARC details
000 -LEADER
fixed length control field 00629nam a22001937a 4500
005 - DATE AND TIME OF LATEST TRANSACTION
control field 20170728155344.0
010 ## - LCCN (DPL NO)
LC control number ENG-119462
020 ## - INTERNATIONAL STANDARD BOOK NUMBER
International Standard Book Number 9789382749424
Terms of availability 200.00
035 ## - SYSTEM CONTROL NUMBER
System control number EN-102994
037 ## - SOURCE OF ACQUISITION
Source of stock number/acquisition DBAD/PUB
082 ## - DEWEY DECIMAL CLASSIFICATION NUMBER
Classification number 881
100 ## - MAIN ENTRY--PERSONAL NAME
Personal name Zingone,Zingonia
245 ## - TITLE STATEMENT
Title Light the temptation /
Statement of responsibility, etc by Zingonia Zingone ; trancleted by Maria Pallais
260 ## - PUBLICATION, DISTRIBUTION, ETC. (IMPRINT)
Place of publication, distribution, etc Mumbai
Name of publisher, distributor, etc Poetrywala imprint of paperwall Media & Publishing
Date of publication, distribution, etc 2015
270 ## - ADDRESS
Address D1201,Octacrest,LokhandwalaTownship,Kandivali
City Mumbai
Postal code 400101
300 ## - PHYSICAL DESCRIPTION
Extent ix,67p.
Other physical details
Dimensions 22cm(pbk)
700 ## - ADDED ENTRY--PERSONAL NAME
Personal name Pallais,Maria,
942 ## - ADDED ENTRY ELEMENTS (KOHA)
Source of classification or shelving scheme Dewey Decimal Classification
Item type English Books
Classification part 881
Call number suffix ZIN
Holdings
Withdrawn status Lost status Not for loan Collection code Home library Current library Date acquired Source of acquisition Cost, normal purchase price Full call number Barcode Copy number Cost, replacement price Koha item type
    Not For Loan Non-fiction D.B.Act.Division D.B.Act.Division 28/07/2017 DBAD/PUB 200.00 881 AJA EN-102994 1 200.00 English Books

© Delhi Public Library
Hit Counter
free hit counter